| 000 | 00872cam a22001931i 4500 | ||
|---|---|---|---|
| 999 |
_c75832 _d313109 |
||
| 003 | OSt | ||
| 005 | 20190130135209.0 | ||
| 008 | 180704s2019 jo f 000 0 ara c | ||
| 040 |
_aMA-UN _bara |
||
| 082 | 0 | 4 |
_a658.4012 _221 _bص أ ق |
| 100 | 1 |
_aصالح، أحمد علي _968008 |
|
| 245 | 1 | 2 |
_aالقيادة الاستراتيجية : _cد. أحمد علي صالح، د. إبراهيم خليل. _bأجندة العقل الجوال في الاستخدام الذكي للقوة والتحفيز / |
| 260 |
_aعمان، الأردن : _bدار اليازوري العلمية للنشر والتوزيع، _c2019 _m1440 |
||
| 300 |
_a288 ص. ؛ _c24 سم. |
||
| 504 | _aيشتمل على قائمة ببليوجرافية. | ||
| 650 | 7 |
_aالإدارة الاستراتيجية _968009 |
|
| 700 | 1 |
_aخليل، إبراهيم (الإدارة) _968010 |
|
| 942 | _cBOOK | ||